000
00328nam a2200121 a 4500
005
20141022141959.0
008
120229s19uu xx 00 eng d
050
_a
CD
_b
C16 2006
100
_a
Cancellaro, Joseph
245
_a
Exploring sound design for interactive media /
_c
Joseph Cancellaro.
260
_c
2006.
942
_c
AVM
999
_c
276158
_d
276158